Neue Dafnis-Lieder : alss welche in der berühmbten Schäffers Dafnis Omnia mea, das ist sämbtliche höchst sündhaffte sälbst verfärtigte Fress-Sauff-& Venus-Lieder benebst angehänckten auffrichtigen und reuemühtigen Buss-Thränen biss anhero noch nicht enthalten sind /

Bibliographic Details
Main Author: Holz, Arno, 1863-1929
Format: Book
Language:German
Published: Dresden : C. Reissner, 1922.

MARC

Tag First Indicator Second Indicator Subfields
LEADER 00000cam a2200000 a 4500
001 in00000031902
005 20151007063147.0
008 800702s1922 gw 000 p ger
010 |a  85854463  
035 |a (OCoLC)ocm17131191 
035 |9 AAD6713AM 
040 |a DLC  |c DLC  |d TXA  |d UtOrBLW 
042 |a pcc 
049 |a TXAM 
082 0 4 |a 837 
090 |a PT2617.O72  |b N3 1922 
100 1 |a Holz, Arno,  |d 1863-1929. 
245 1 0 |a Neue Dafnis-Lieder :  |b alss welche in der berühmbten Schäffers Dafnis Omnia mea, das ist sämbtliche höchst sündhaffte sälbst verfärtigte Fress-Sauff-& Venus-Lieder benebst angehänckten auffrichtigen und reuemühtigen Buss-Thränen biss anhero noch nicht enthalten sind /  |c Arno Holz. 
264 1 |a Dresden :  |b C. Reissner,  |c 1922. 
300 |a 91 pages ;  |c 22 cm. 
336 |a text  |b txt  |2 rdacontent 
337 |a unmediated  |b n  |2 rdamedia 
338 |a volume  |b nc  |2 rdacarrier 
949 |a updated  |b h  |c 2007/5/15  |e jmarner  |f 11:42:10 am 
994 |a C0  |b TXA 
999 |a MARS 
999 f f |s b2608dc7-5b38-3926-b42b-1e560ba79873  |i bc575d03-3dcc-3b6a-8aa6-fdbc16a09fb4  |t 0 
952 f f |p ric  |a Texas A&M University  |b Rellis Campus  |c Joint Library Facility  |d Remote Storage  |t 0  |e PT2617.O72 N3 1922  |h Library of Congress classification  |i unmediated -- volume  |m A14836039393 
952 f f |p normal  |a Texas A&M University  |b College Station  |c Sterling C. Evans Library  |d Evans: Library Stacks  |t 0  |e PT2617.O72 N3 1922  |h Library of Congress classification  |i unmediated -- volume  |m A14801351265 
998 f f |a PT2617.O72 N3 1922  |t 0  |l Remote Storage 
998 f f |a PT2617.O72 N3 1922  |t 0  |l Evans: Library Stacks